000 00549nam a2200217 a 4500
001 0001-2172
003 ELIB.Books
008 190802 2010 eng
020 _a0891096418
092 _a173
_bLew
100 _aLewis, Robert.
245 _aRocking the Roles
260 _aColorado Springs
_bNavpress
_c1991
300 _a251
_c23cm
650 _aMarriage-Religious Aspects
856 _nKBTS Library
_uKBTS Elib
942 _2ddc
_cBK
990 _a1
998 _aEnglishbooks.elf
_ccat
_e2019-08-02
999 _c12172
_d12172